Notices statistiques sur l'application de la peine de mort et Norvége / (Record no. 160950)
[ view plain ]
| 000 -LEADER | |
|---|---|
| campo de control de longitud fija | 00798nam a2200181 i 4500 |
| 001 - NÚMERO DE CONTROL | |
| campo de control | 160950 |
| 003 - IDENTIFICADOR DE NÚMERO DE CONTROL | |
| campo de control | ES-MaACL |
| 005 - FECHA Y HORA DE LA ÚLTIMA TRANSACCIÓN | |
| campo de control | 20240710063032.0 |
| 008 - DATOS DE LONGITUD FIJA--INFORMACIÓN GENERAL | |
| campo de control de longitud fija | 041006s1870 sw |||| | fre d |
| 100 1# - ENTRADA PRINCIPAL--NOMBRE DE PERSONA | |
| Nombre de persona | Olivecrona, Knut, |
| Fechas asociadas al nombre | 1817-1905 |
| 9 (RLIN) | 166991 |
| 245 10 - MENCIÓN DEL TÍTULO | |
| Título | Notices statistiques sur l'application de la peine de mort et Norvége / |
| Mención de responsabilidad, etc. | par K. d'Olivecrona. |
| 260 ## - PUBLICACIÓN, DISTRIBUCIÓN, ETC. | |
| Lugar de publicación, distribución, etc. | Stockholm : |
| Nombre del editor, distribuidor, etc. | A. Bonnier & Co. ; |
| Lugar de publicación, distribución, etc. | Paris : |
| Nombre del editor, distribuidor, etc. | A. Durand & Pédone-Lauriel, |
| Fecha de publicación, distribución, etc. | 1870 ( |
| Fabricante | Imprimerie de S. Flodin) |
| 300 ## - DESCRIPCIÓN FÍSICA | |
| Extensión | 18 cm ; |
| Dimensiones | 22 cm. |
| 595 ## - | |
| -- | Extrait de la Revue suédoise de Législation, etc., pour 1869. |
| 650 #4 - PUNTO DE ACCESO ADICIONAL DE MATERIA--TÉRMINO DE MATERIA | |
| Término de materia o nombre geográfico como elemento de entrada | Pena de muerte- |
| Subdivisión geográfica | Noruega. |
| 9 (RLIN) | 148489 |
| 852 ## - LOCALIZACIÓN | |
| Ubicación | ES-MaACL |
| Número de control de estantería | D-221(11) |
| Nota libre | - Forma parte de la col. facticia: "Estudios penitenciarios" |
| -- | . - Donativo Lastres |
| Estatus retirado | Estado de pérdida | Estado de daño | No para préstamo | Colección | Biblioteca de origen | Biblioteca actual | Ubicación en estantería | Fecha de adquisición | Fuente de adquisición | Total de préstamos | Signatura topográfica completa | Código de barras | Visto por última vez | Precio de reemplazo | Tipo de ítem Koha |
|---|---|---|---|---|---|---|---|---|---|---|---|---|---|---|---|
| Libros del s. XIX | Biblioteca del Ateneo de Madrid | Biblioteca del Ateneo de Madrid | Sala Valle Inclán | 17/01/2008 | D-221(11) | 901168557 | 23/02/2023 | 23/02/2023 | Libro impreso antiguo |
